[Event "2021 BC-WA Match (online)"]
[Site "Chess.com"]
[Date "2021.01.17"]
[Round "5"]
[White "Hemstapat, Andrew"]
[Black "Mahajan, Rushaan"]
[Result "1-0"]
[WhiteElo "2245"]
[BlackElo "2209"]
[Annotator "Andrew Hemstapat"]
[PlyCount "51"]
[EventDate "2021.01.16"]
[EventType "team-swiss"]
[EventRounds "5"]

{[%evp 0,20,16,28,79,27,40,15,35,12,19,12,8,10,102,96,142,120,127,135,106,92,
147]} 1. e4 c6 2. d3 $5 {I have played my opponent before and I wanted to
change things up a bit.} d5 3. Nd2 e5 4. Ngf3 Bd6 5. d4 $5 {An interesting
move played before by Carlsen against So.} exd4 6. exd5 c5 $6 {An innacuracy
that allows White a good game. 6. cxd5 or 6. Nf6 was better.} 7. Ne4 $1 Be7 8.
Bc4 $1 {A somewhat counter-intuitive move blocking the bishop behind the pawn.
This was the key move prepared before the round. Discoveries involving d6!
appear in many variations as will be seen. 8. c4 or 8. Bb5+ were sound
alternatives.} Bf5 9. Ng3 Bg6 10. h4 $5 {The last piece of home preparation.
Virtually forces black to give up bishop pair and White also gains space. An
improvement on another game where 10.0-0 was played.} (10. O-O Nf6 11. Re1 O-O
12. c3 dxc3 13. bxc3 Bd6 $14) 10... Nf6 11. h5 $5 {The logical follow up. 11.
Qe2 might be an even better alternative, examined below.} (11. Qe2 $1 Nh5 (
11... h5 $6 12. Ne5 $1 Bh7 13. d6 $1 $18 {The c4 bishop comes alive!}) 12. Ne5
$1 Nxg3 13. fxg3 O-O 14. h5 Bf5 15. O-O $1 Bc8 16. h6 $1 g6 17. d6 $3 $18 {
Here too!}) 11... Be4 12. Nxe4 Nxe4 13. Qd3 Nd6 14. Bf4 Nxc4 15. Qxc4 Na6 $6 {
Black is getting too greedy, going after the d5 pawn. 15.0-0 is recommended
but White has initiative like in the variation below.} (15... O-O 16. h6 g6 17.
O-O Bd6 18. Bxd6 Qxd6 19. c3 dxc3 20. Qxc3 f6 21. Rfe1 $1 Qxd5 22. Rad1 Qf7 23.
Nd2 Nc6 24. Ne4 Rae8 25. Rd6 Re6 26. Rxe6 Qxe6 27. Nxc5 Qf7 $14) 16. O-O-O Nb4
$4 {The logical expected follow-up, but it is a mistake. It wasn't too late to
play 16.0-0.} (16... O-O 17. h6 g6 18. Rhe1 $14) 17. h6 $5 {Perhaps wrong move
order! I wanted my opponent's K-side to be even weaker so I threw in this move
first. The immediate 17.d6 is stronger and limits Black's options.} (17. d6 $3
Bxd6 18. Rhe1+ Kf8 19. Bxd6+ Qxd6 20. Ne5 Nd5 21. Qxc5 Qxc5 22. Nd7+ Kg8 23.
Nxc5 $18 {Essentially identical to the variation on move 21 except Black has
more options but K-side pawn structure is not fixed.}) 17... g6 $2 {Now Black
is just lost. Black should try either 17. g5, 17. Qxd5, or 17.0-0 with
super-slim chances of surviving, examined below.} (17... g5 $1 18. d6 gxf4 19.
dxe7 Qd5 20. Qxd5 Nxd5 21. Rh5 $1 Nxe7 22. Rxc5 $16) (17... Qxd5 $5 18. hxg7
Rg8 19. Qb5+ Qc6 20. Qxc6+ Nxc6 21. Rxh7 $16) (17... O-O $5 18. hxg7 Re8 19.
Rh5 $1 $16) 18. d6 $3 Bxd6 19. Rhe1+ Kf8 20. Bxd6+ Qxd6 21. Ne5 $1 {The point.
White threatens mate with 22. Qxf7# which Black does not have a sufficient
defense for.} Nd5 (21... Qd5 22. Qxd5 Nxd5 23. Nd7+ Kg8 24. Nxc5 $18 {Even
with equal material, Black's king and as a result the h8 rook is permanently
trapped. Effectively, white is up a full rook and is just winning.}) 22. Qxc5
$1 Rd8 (22... Qxc5 23. Nd7+ Kg8 24. Nxc5 {Transposes to previous variation.})
23. Qxd4 $1 f6 24. Nc4 $1 Qd7 25. Qc5+ Kf7 26. Rxd5 $1 {Black resigns. The
game would've ended: 26. Qxd5, 27. Qe7+, and Qg7# A short and sweet game that
shows what happens when Black acted a bit too chill... and mainly didn't
Castle!!!} 1-0

[Event "*2020 ICA Western Open"]
[Site "Chess.com"]
[Date "2020.12.12"]
[Round "4"]
[White "Price, Josh"]
[Black "Roland, Jeffrey T"]
[Result "1-0"]
[WhiteElo "1903"]
[BlackElo "1544"]
[Annotator "Ralph Dubisch"]
[PlyCount "101"]
[EventDate "2020.12.12"]
[EventType "swiss"]
[EventRounds "4"]

{[%evp 0,101,25,27,32,-9,44,43,52,51,52,49,34,34,51,30,51,41,40,19,34,28,32,24,
54,68,89,81,89,31,77,3,0,7,-1,-55,21,22,-16,-19,-10,-3,78,87,85,59,62,63,71,79,
80,82,85,40,56,66,76,46,58,66,68,76,81,81,131,139,145,145,213,132,0,0,209,223,
223,67,90,119,273,274,286,275,340,81,97,397,416,240,665,692,698,701,706,712,
712,722,722,722,722,722,742,1012,1012,1022]} 1. d4 Nf6 2. c4 g6 3. Nc3 d5 4.
cxd5 Nxd5 5. e4 Nxc3 6. bxc3 Bg7 7. Bc4 O-O (7... c5 8. Ne2 Nc6 9. Be3 cxd4 (
9... O-O 10. O-O {transposes to the game line or later-mentioned options.}) 10.
cxd4 Qa5+ 11. Bd2 (11. Qd2 Qxd2+ 12. Kxd2 O-O $13) 11... Qd8 {suggests a
repetition with} 12. Be3 {,} ({though} 12. Bc3 O-O 13. O-O Bg4 14. f3 Bd7 {
is still quite a battle.})) 8. Ne2 c5 ({While some consider the counter-attack
on the center with ...c5 an absolute must, Black actually scores quite well
with piece play beginning} 8... Nc6 9. O-O b6 (9... e5 $5) 10. Be3 Bb7 {.}) 9.
O-O cxd4 ({Black chooses to release the tension, but there doesn't seem to be
a strong reason to do so. For example,} 9... Nc6 10. Be3 Bg4 (10... Qc7 11. Rc1
Rd8) (10... Bd7 11. Rb1 a6) (10... Na5 11. Bd3 b6 12. Qd2 (12. dxc5 bxc5 13.
Bxc5 Qc7 14. Bd4 e5 15. Be3 Nc4) 12... e5 13. Bh6 $13) 11. f3 Bd7 12. Rb1 Na5
13. Bd3 Rc8 {. White is quite unlikely to capture on c5 in these lines, as} 14.
dxc5 Be6 {doesn't seem to offer White any extra advantages over more
positionally sound plans.}) 10. cxd4 Nc6 11. Be3 Bd7 ({There are more active,
and more common, plans here:} 11... Bg4 12. f3 Na5 13. Bd3 Be6 {, when} 14. d5
Bxa1 15. Qxa1 f6 {is an old-school exchange sacrifice line that has been
played quite often.}) (11... Na5 12. Bd3 b6 13. Qd2 Bb7 14. Bh6 e6 ({or} 14...
Bxh6 15. Qxh6 Rc8) 15. Bxg7 Kxg7 16. Rac1 {is still interesting for both
players.}) (11... b6 12. Rc1 Bb7 13. Bb5 {etc.}) 12. Rb1 b6 $6 ({An
unnecessary weakening of the queenside pawns, and it doesn't even suggest a
fianchetto. Instead, develop!} 12... Rc8 13. Bd3 (13. Rxb7 $2 Na5 $17) 13...
Na5 {.}) 13. Rc1 a6 $6 (13... Na5) 14. f4 $6 (14. Qd2 Na5 15. Bd3 Bb5 $5 {
shows an interesting positional concept. Black aims to control c4, and it's
also convenient to remove the awkward light-square bishop.}) ({Stockfish is
fond of} 14. h4 $14 {, apparently planning to underminie the black pawns on
the light squares (g6), though I don't see an obvious kingside attack arising
along the h-file.}) 14... Bg4 $6 (14... Na5 15. Bd3 e6 $13) 15. Bd5 $6 ({
White has at least two superior choices here:} 15. d5 Na5 16. Bd3 $14) (15.
Bxf7+ Rxf7 16. Rxc6 Bxe2 17. Qxe2 Bxd4 $14) 15... Nxd4 $1 16. Bxd4 Bxd4+ 17.
Kh1 $2 (17. Qxd4 Bxe2 {. White's space, kingside play, and rook activity
counter the pawn, but not more than that, as Black has few weaknesses.}) 17...
Bc5 18. Bxa8 Qxd1 19. Rfxd1 Bxe2 20. Re1 Rxa8 $2 (20... Bb5 $1 {takes
advantage of congestion caused by the off-side white bishop:} 21. Bb7 (21. Bd5
Bf2 22. Red1 Be2 23. Rd2 Be3 24. Rxe2 Bxc1 $15 {, when Black enjoys an extra
pawn in an opposite-bishops-with-rooks endgame. It's hard to imagine forcing a
win after} 25. g3 Ba3 26. Rc2 Bc5 {, but there's definite potential for
lengthy torture.}) 21... Rb8 22. a4 Rxb7 23. axb5 axb5 $15 {, and Black has a
secure structure and enough material for the exchange.}) 21. Rxe2 Rd8 22. h3 $6
h5 23. Rcc2 $2 h4 $2 ({Strike while the iron is hot, as my ancient mother
might have said. Black is certainly not worse in the complications, and there
are plenty of chances for White to go very wrong.} 23... Rd1+ 24. Kh2 Bg1+ 25.
Kg3 (25. Kh1 Be3+ 26. Kh2 Bxf4+ 27. g3 Be5 $17 {is very comfortable for Black.}
) 25... Rd3+ 26. Kh4 Bh2 $1 {Black threatens ...Kg7, ...Bg3+, and ...f6#.} 27.
g4 {Forced.} Bxf4 28. gxh5 g5+ 29. Kg4 Rg3+ 30. Kf5 Rxh3 $15 {.} ({Or} 30...
Kg7 31. h6+ $1 Kxh6 32. e5 {, according to Stockfish. White definitely needs a
plan with e4-e5 in order to have an escape route for his king.})) 24. Rcd2 Rxd2
$2 ({White has blocked the rook's access, so now Black stands materially worse.
In general, though, Black should definitely not exchange rooks. White has two
of them, so retains the rook action after an exchange; Black has only the one,
and once traded, it's gone forever.} 24... Rc8 $14) 25. Rxd2 Be3 26. Rd8+ (26.
Rb2 $1 b5 27. Rb3 Bxf4 28. Ra3 $18) 26... Kg7 27. Rb8 Kf6 28. Rc8 Bxf4 29. Rc6+
Ke5 30. Rxb6 Kxe4 31. Rxa6 Bd6 32. Ra4+ (32. Kg1) 32... Kd3 33. Rxh4 e5 34. Rh7
e4 35. Rxf7 Ba3 (35... Bg3 36. Rd7+ Ke2 37. a4 e3 38. a5 Kf1 39. Rd1+ Ke2 40.
Rb1 $18) 36. Kg1 Ke2 37. Rf2+ $6 (37. g4) 37... Ke1 38. Rf1+ Ke2 (38... Kd2 {
is a better try, since the a-pawn is still blockaded and Black would gain time
in some battles against the separated passed pawns. White still wins, but must
be accurate.} 39. Rf7 ({But} 39. Kf2 $4 {only draws:} Bc5+ 40. Kg3 e3 41. a4 e2
42. Rb1 Bb6 {. Cute, but not actually necessary to hold. From here, play might
continue} 43. h4 e1=Q+ 44. Rxe1 Kxe1 45. Kf4 Kd2 46. Kg5 Bd8+ 47. Kxg6 Bxh4 48.
a5 Kd3 49. a6 Bf2 50. g4 Kc4 51. Kf7 Kb5 52. g5 Kxa6 53. g6 Bd4 {.}) 39... e3 (
39... Ke1 40. g4 e3 41. h4 (41. Rg7 e2 42. Rxg6 $4 Kd2 43. Re6 Bc5+ 44. Kg2 Be3
$1 $19 {. Stranger things have happened.}) 41... e2 42. Rd7 Bb4 43. h5 gxh5 44.
gxh5 Bd2 45. Re7 Kd1 46. h6 {.}) 40. Rd7+ $1 Ke1 41. g4 e2 42. h4 $18 {.}) 39.
g4 Bc5+ 40. Kg2 Kd2 41. a4 e3 42. a5 e2 43. Ra1 e1=Q 44. Rxe1 Kxe1 45. h4 Ke2
46. h5 gxh5 47. gxh5 Ke3 48. a6 Kf4 49. h6 Kf5 50. h7 Bd4 51. a7 {The split
passers overwhelm the lone bishop.} 1-0

[Event "*MLK Blitz"]
[Site "Chess.com"]
[Date "2021.01.23"]
[Round "3"]
[White "Wei, James"]
[Black "Kodihalli, Kaustubh"]
[Result "1/2-1/2"]
[WhiteElo "2061"]
[BlackElo "2144"]
[Annotator "Ralph Dubisch"]
[PlyCount "82"]
[EventDate "2021.01.23"]
[EventType "swiss (blitz)"]
[EventRounds "3"]

{[%evp 0,82,25,18,39,42,23,29,28,3,-2,-6,23,4,9,8,7,4,11,-6,19,0,-22,-12,-22,
-12,-9,-20,-18,-23,-23,-23,-12,-58,-49,-6,-7,-11,21,21,30,23,64,73,53,18,150,
149,152,155,155,154,157,163,163,159,174,150,151,110,153,160,187,132,164,158,
173,179,233,257,259,262,268,140,169,39,45,45,45,45,42,42,40,40,35]} 1. e4 e5 2.
Nf3 Nc6 3. Bb5 a6 4. Ba4 Nf6 5. O-O Be7 6. Re1 b5 7. Bb3 O-O 8. h3 d6 9. c3 Nb8
10. d4 Nbd7 11. Be3 Bb7 12. Nbd2 Nxe4 13. dxe5 Nxe5 14. Nxe4 Bxe4 15. Nxe5 dxe5
16. Qxd8 Raxd8 17. Bc1 Bg6 18. Rxe5 Bf6 $6 (18... Bd6) 19. Rc5 Rfe8 20. Be3 Rd7
21. Rc6 a5 (21... Rxe3 $1 22. fxe3 Be4 23. Rc5 (23. Rxa6 Rd2 24. Rd1 Rxg2+ 25.
Kf1 Rh2) (23. Rxf6 gxf6 24. Rd1) 23... Rd2 24. Rd1 (24. Rxc7 h5 25. Rd1 Rxg2+
26. Kf1 Rxb2 27. Bxf7+ Kh7 28. Bxh5 Bg2+ 29. Kg1 Bg5 30. Re1 Be4) 24... Rxg2+
25. Kf1 Rxb2 $13) 22. a4 bxa4 23. Bxa4 Red8 24. Rxf6 gxf6 25. Bxd7 Rxd7 26.
Rxa5 Kg7 27. Bd4 Be4 28. g4 Kg6 29. f4 c6 30. Rh5 h6 31. Rc5 Re7 32. Kf2 Bd5
33. f5+ Kg5 34. Kg3 h5 35. h4+ Kh6 36. gxh5 (36. c4 $1 Be4 (36... Bh1 37. Bxf6
(37. g5+ fxg5 38. hxg5+ Kh7 39. Be5 $18) 37... Re3+ 38. Kh2 $18) 37. Bxf6 Re8
38. g5+ Kh7 39. b4 $18) 36... Kxh5 37. Bxf6 $2 (37. b4 $18) 37... Re3+ 38. Kf4
Re4+ 39. Kg3 Re3+ 40. Kf4 Re4+ 41. Kg3 Re3+ 1/2-1/2

[Event "*MLK Blitz"]
[Site "Chess.com"]
[Date "2021.01.23"]
[Round "2"]
[White "Kodihalli, Kaustubh"]
[Black "Fugal, Jeremy"]
[Result "1-0"]
[WhiteElo "2144"]
[BlackElo "1891"]
[Annotator "Ralph Dubisch"]
[PlyCount "119"]
[EventDate "2021.01.23"]
[EventType "swiss (blitz)"]
[EventRounds "3"]

{[%evp 0,95,25,12,51,71,72,-4,16,27,34,77,53,53,43,22,22,-13,23,24,24,19,5,4,
27,35,58,-52,-46,-31,30,50,75,23,60,38,42,42,60,51,78,76,64,0,47,-17,74,76,69,
80,67,54,199,193,200,164,154,178,206,167,160,169,185,182,202,185,190,170,193,
142,191,165,159,188,159,298,316,334,334,355,354,397,384,328,412,535,638,697,
732,588,596,335,388,293,415,454,860,1352]} 1. e4 c5 2. Nf3 Nc6 3. d4 cxd4 4.
Nxd4 Nf6 5. Nc3 e5 6. Ndb5 d6 7. Bg5 a6 8. Na3 b5 9. Bxf6 gxf6 10. Nd5 Bg7 11.
Bd3 O-O ({Theory suggests challenging the knight here, with the main line going
} 11... Ne7 12. Nxe7 Qxe7 {, and now White chooses between} 13. O-O {,} (13. c4
{, and}) (13. c3 {.})) 12. O-O Ne7 13. c4 $5 Nxd5 14. cxd5 Kh8 (14... f5 15.
exf5 e4 16. Bxe4 Bxb2 17. Rb1 (17. Nc2 Bxa1 18. Qxa1 $13) 17... Bxa3 (17... Re8
18. Qf3 Qf6 19. Rfe1) 18. Qf3 Bc5 $2 (18... Re8 19. f6 {looks dangerous for
Black.}) (18... Qh4 $5 19. g3 Qh3 20. Qxa3 Bxf5 {with a pawn-structure edge
for White.}) 19. f6 $18) 15. Nc2 Rg8 16. Kh1 (16. Qh5 $14 {starts to assert
control of key kingside squares.}) 16... Bd7 17. Rc1 Bh6 18. Ne3 Rc8 19. Qh5
Qf8 20. Rxc8 Bxc8 21. Rc1 $6 Qg7 ({Black has an interesting opportunity to
activate those bishops by exploiting the pin on the h6-c1 diagonal:} 21... Bg4
$1 22. Qh4 (22. Nxg4 Bxc1 23. Nxf6 Rg7 $13) 22... Bg5 $1 23. Qg3 Bf4 24. Qh4
Qg7 $13) 22. g3 (22. Qe2 Bxe3 23. fxe3 Bd7 24. Qf2 Rc8 25. Rf1 $14) 22... Bxe3
(22... Bg4 23. Qh4 f5 $5 24. exf5 Bf3+ 25. Kg1 $13) 23. fxe3 Qg5 (23... Bg4 24.
Qh4 Qg5 25. Qxg5 fxg5 26. Rc6 Rc8) 24. Qxf7 $6 (24. Qxg5 fxg5 25. Rc6 $16)
24... Bg4 25. Rf1 Rg6 $4 (25... f5 $1 26. exf5 Qxe3 {There are too many
perpetual check ideas for both sides.}) (25... Qxe3 26. Qxf6+ Rg7 27. Bc2 Bh3
28. Qf2 {isn't as clear. Now White takes the slow and steady route and gets
the job done.}) 26. Qf8+ Rg8 27. Qxf6+ Qxf6 28. Rxf6 Rg6 29. Rxg6 hxg6 30. Kg2
Bd7 31. Kf2 Bh3 32. Bf1 Bg4 33. h4 Kg7 34. Ke1 Kf6 35. Kd2 Bf3 36. Bd3 Kg7 37.
Kc3 Bg4 38. Kb4 Bc8 39. Ka5 Kf6 40. Kb6 Ke7 41. b3 Kd7 42. a4 bxa4 43. bxa4 a5
44. Kxa5 Kc7 45. Kb5 Kb7 46. a5 Bd7+ 47. Kb4 Ka7 48. Bb5 Bg4 49. Kc3 Bf3 50.
Bd3 Bg4 51. Kd2 Kb7 52. Be2 Bd7 53. a6+ Ka7 54. g4 Be8 55. h5 gxh5 56. gxh5 Bf7
57. h6 Bg6 58. Kd3 Kb6 59. Bg4 Kxa6 60. Bf5 1-0